Niemcy A-Ż - Statystyki

Ogólne statystyki
  • Ten quiz został rozwiązany 3 150 razy
    3 143 od ostatniego zresetowania
  • Średni wynik to 15 z 25
Statystyki odpowiedzi
Wskazówka Odpowiedź % Poprawnych
F Finansowa stolica Niemiec Frankfurt
91%
D Niemiecka nazwa dla Niemiec Deutschland
86%
I "___ bin ein Berliner" Ich
86%
M Miasto, w którym mieści się siedziba BMW Monachium
85%
O Bawarski festiwal jesienny Oktoberfest
82%
Ż W okresie II wś państwo niemieckie podjęło masową eksterminację tego narodu Żydzi
82%
T Państwo, które jest największym źródłem niemieckich obywateli urodzonych poza Niemcami Turcja
78%
V Największa marka samochodów Volkswagen
78%
W Niemiecka nazwa kiełbasy Wurst
78%
R Rzeka płynąca na zachodniej granicy Niemiec Ren
77%
A Skrócona nazwa niemieckiej autostrady Autobahn
74%
C Tytuł Wilhelma II Cesarz
71%
P Państwo, które było spadkobiercą zakonu krzyżackiego Prusy
70%
L Najbardziej znana linia lotnicza Lufthansa
68%
B Stolica byłego RFN-u (1949-1991) Bonn
65%
N Podgatunek tego człowieka rozumnego po raz pierwszy odkryto w Niemczech Neandertalczyk
61%
J Półwysep na którym leży północna część Niemiec oraz Dania jutlandzki
50%
Ł Obszar historyczno-geograficzny, na którym leży m.in. Budziszyn Łużyce
39%
H Dynastia niemiecka, z której pochodzi m.in. Fryderyk III Hohenzollernowie
28%
G Tak można powiedzieć kichającemu (po niemiecku) Gesundheit
27%
K Niemiecki piłkarz, który wystąpił w 114 meczach w reprezentacji narodowej Toni {Kroos}
25%
U W mieście Heidelberg jest najstarszy z tych obiektów w Niemczech Uniwersytet
24%
E Niemcy doświadczyły tego rodzaju "cudu" po II wojnie światowej (związanego z gospodarką) Ekonomiczny
21%
S Niemiecka nazwa fermentowanej kapusty Sauerkraut
20%
Z Najwyższa góra Zugspitze
20%
Nie znaleziono quizów pasujących do podanych kryteriów
Rozkład punktacji
Procent ludzi z każdym wynikiem
Percentyl według liczby udzielonych odpowiedzi
Twoja historia wyników
Nie rozwiązałeś tego quizu od ostatniego zresetowania